01121nas a2200325 4500001001300000003000900013005001700022007000300039008003400042040005400076041000900130072000800139100001900147100002200166100001600188100001600204100001600220100002400236245012900260650001200389650001500401650001500416650001600431650000900447773010900456909004000565942001800605999001900623952015300642BR2010000215BR-BrBNA20231205114032.0ta230509b bl.|||p| |||| 00| 00por d aBR-BrBNAbporcBiblioteca Nacional de Agricultura a(En) aL101 aFaria, D.A. de1 aPeixoto, J. de O.1 aLopes, P.S.1 aPaiva, S.R.1 aSilva, P.V.1 aGuimarães, S.E.F.1 aAssociation between insulin-like growth factor I (IGF - I)microsatellite polymorphisms and important economic traits in pigs aSUÍNO aCRUZAMENTO aGENÓTIPO aCRESCIMENTO aGENE0 tRevista Brasileira de Zootecnia (Brazil)xISSN 1516-3598 g(Feb 2009), v. 38(2) p. 265-270wBR2010000215 a202311bLúciac55dLúcia Elande 2AGRISn0cANA c206815d206815 002AGRIS4071a41918b41918cPeriódicos Agrícolash(Feb 2009), v. 38(2) p. 265-270l0r2023-11-29t01yCRePortaria Interministerial nº 164/94